Food engineering operarions

সংরক্ষণ করুন:
গ্রন্থ-পঞ্জীর বিবরন
প্রধান লেখক: J G BRENNEAN
বিন্যাস: গ্রন্থ
ভাষা:Undetermined
প্রকাশিত: London Elsevier Science 1990
বিষয়গুলি:
ট্যাগগুলো: ট্যাগ যুক্ত করুন
কোনো ট্যাগ নেই, প্রথমজন হিসাবে ট্যাগ করুন!
Thư viện lưu trữ: Trung tâm Học liệu Trường Đại học Cần Thơ
LEADER 00477nam a2200169Ia 4500
001 CTU_50477
008 210402s9999 xx 000 0 und d
082 |a 664 
082 |b B838 
100 |a J G BRENNEAN 
245 0 |a Food engineering operarions 
245 0 |c J G BRENNEAN, J. R. Butters, and N. D. Cowell 
260 |a London 
260 |b Elsevier Science 
260 |c 1990 
650 |a food industry and trade 
980 |a Trung tâm Học liệu Trường Đại học Cần Thơ